Survey looks at services to construction (Record no. 70559)
[ view plain ]
| 000 -LEADER | |
|---|---|
| fixed length control field | 00875cam a2200193 4500 |
| 001 - CONTROL NUMBER | |
| control field | WB3823-03 |
| 008 - FIXED-LENGTH DATA ELEMENTS--GENERAL INFORMATION | |
| fixed length control field | 020625n2002 000 0 eng u |
| 035 ## - SYSTEM CONTROL NUMBER | |
| System control number | (Sirsi) u118513 |
| 245 ## - TITLE STATEMENT | |
| Title | Survey looks at services to construction |
| 260 ## - PUBLICATION, DISTRIBUTION, ETC. | |
| Date of publication, distribution, etc. | 2002 |
| 490 ## - SERIES STATEMENT | |
| Series statement | Planning (for the Natural and Built Environment) |
| Volume/sequential designation | 21 June 2002, 3(1) |
| 520 ## - SUMMARY, ETC. | |
| Summary, etc. | The Construction Industry Council is targeting engineering and surveying firms as well as planning and architectural practices in a survey to explore the economic value of the construction sector, its size, growth and employment characteristics. The survey aims to highlight the role of construction professional services and inform government and industry policy. |
| 590 ## - LOCAL NOTE (RLIN) | |
| Local note | WB |
| 650 ## - SUBJECT ADDED ENTRY--TOPICAL TERM | |
| Topical term or geographic name entry element | CONSTRUCTION SECTOR |
| 650 ## - SUBJECT ADDED ENTRY--TOPICAL TERM | |
| Topical term or geographic name entry element | SURVEYS |
| 650 ## - SUBJECT ADDED ENTRY--TOPICAL TERM | |
| Topical term or geographic name entry element | CONSTRUCTION SERVICES |
| 690 ## - LOCAL SUBJECT ADDED ENTRY--TOPICAL TERM (OCLC, RLIN) | |
| Topical term or geographic name as entry element | BUILT ENVIRONMENT |
| 942 ## - ADDED ENTRY ELEMENTS (KOHA) | |
| Suppress in OPAC | 0 |
| Withdrawn status | Lost status | Source of classification or shelving scheme | Damaged status | Not for loan | Home library | Current library | Shelving location | Date acquired | Total Checkouts | Full call number | Barcode | Date last seen | Copy number | Price effective from | Koha item type |
|---|---|---|---|---|---|---|---|---|---|---|---|---|---|---|---|
| Dewey Decimal Classification | London | London | News article | 25/06/2002 | WB3823-03 | 118513-1001 | 06/08/2019 | 1 | 06/08/2019 | News article |